<?xml version="1.0" encoding="UTF-8"?>
<record
    xmlns:xsi="http://www.w3.org/2001/XMLSchema-instance"
    xsi:schemaLocation="http://www.loc.gov/MARC21/slim http://www.loc.gov/standards/marcxml/schema/MARC21slim.xsd"
    xmlns="http://www.loc.gov/MARC21/slim">

  <leader>01058nam0a2200289   4500</leader>
  <controlfield tag="001">RU\NLR\bibl\457638</controlfield>
  <controlfield tag="005">20250623183217.0</controlfield>
  <datafield tag="010" ind1=" " ind2=" ">
    <subfield code="a">5-207-00309-7</subfield>
  </datafield>
  <datafield tag="035" ind1=" " ind2=" ">
    <subfield code="a">(NLR Aleph) 000451157</subfield>
  </datafield>
  <datafield tag="090" ind1=" " ind2=" ">
    <subfield code="a">874810</subfield>
    <subfield code="c">874810</subfield>
  </datafield>
  <datafield tag="100" ind1=" " ind2=" ">
    <subfield code="a">20031111d2003    |||y0rusy50      ca</subfield>
  </datafield>
  <datafield tag="101" ind1="0" ind2=" ">
    <subfield code="a">rus</subfield>
  </datafield>
  <datafield tag="102" ind1=" " ind2=" ">
    <subfield code="a">RU</subfield>
  </datafield>
  <datafield tag="105" ind1=" " ind2=" ">
    <subfield code="a">a   |||||||||</subfield>
  </datafield>
  <datafield tag="200" ind1="1" ind2=" ">
    <subfield code="a">&#x417;&#x43E;&#x432;&#x443;&#x442; &#x43C;&#x435;&#x43D;&#x44F; &#x41A;&#x443;&#x431;&#x430;&#x43D;&#x44C;</subfield>
    <subfield code="e">[&#x424;&#x43E;&#x442;&#x43E;&#x430;&#x43B;&#x44C;&#x431;&#x43E;&#x43C;</subfield>
    <subfield code="f">&#x424;&#x43E;&#x442;. &#x412; &#x425;&#x43C;&#x435;&#x43B;&#x44F; &#x438; &#x434;&#x440;.</subfield>
    <subfield code="g">&#x421;&#x43E;&#x441;&#x442;., &#x442;&#x435;&#x43A;&#x441;&#x442; &#x413;. &#x428;&#x443;&#x43B;&#x44F;&#x43A;&#x43E;&#x432;&#x43E;&#x439;]</subfield>
  </datafield>
  <datafield tag="210" ind1=" " ind2=" ">
    <subfield code="a">&#x41A;&#x440;&#x430;&#x441;&#x43D;&#x43E;&#x434;&#x430;&#x440;</subfield>
    <subfield code="c">&#x421;&#x435;&#x432;. &#x41A;&#x430;&#x432;&#x43A;&#x430;&#x437;</subfield>
    <subfield code="d">[2003]</subfield>
  </datafield>
  <datafield tag="215" ind1=" " ind2=" ">
    <subfield code="a">[100] &#x441;.</subfield>
    <subfield code="c">&#x446;&#x432;. &#x438;&#x43B;.</subfield>
    <subfield code="d">29</subfield>
  </datafield>
  <datafield tag="607" ind1=" " ind2=" ">
    <subfield code="a">&#x41A;&#x440;&#x430;&#x441;&#x43D;&#x43E;&#x434;&#x430;&#x440;&#x441;&#x43A;&#x438;&#x439; &#x43A;&#x440;&#x430;&#x439;</subfield>
    <subfield code="j">&#x424;&#x43E;&#x442;&#x43E;&#x430;&#x43B;&#x44C;&#x431;&#x43E;&#x43C;&#x44B;</subfield>
    <subfield code="9">2075577</subfield>
    <subfield code="3">RU\NLR\auth\661250654</subfield>
  </datafield>
  <datafield tag="607" ind1=" " ind2=" ">
    <subfield code="a">&#x41A;&#x440;&#x430;&#x441;&#x43D;&#x43E;&#x434;&#x430;&#x440;&#x441;&#x43A;&#x438;&#x439; &#x43A;&#x440;&#x430;&#x439;</subfield>
    <subfield code="j">&#x424;&#x43E;&#x442;&#x43E;&#x430;&#x43B;&#x44C;&#x431;&#x43E;&#x43C;&#x44B;</subfield>
    <subfield code="x">&#x418;&#x441;&#x442;&#x43E;&#x440;&#x438;&#x44F;</subfield>
    <subfield code="9">1030742</subfield>
    <subfield code="3">RU\NLR\auth\6677597</subfield>
  </datafield>
  <datafield tag="686" ind1=" " ind2=" ">
    <subfield code="a">&#x414;890(2&#x420;37-4&#x41A;&#x440;)&#x44F;61</subfield>
  </datafield>
  <datafield tag="686" ind1=" " ind2=" ">
    <subfield code="a">&#x422;3(2&#x420;-4&#x41A;&#x440;)&#x44F;61</subfield>
  </datafield>
  <datafield tag="702" ind1=" " ind2="1">
    <subfield code="a">&#x428;&#x443;&#x43B;&#x44F;&#x43A;&#x43E;&#x432;&#x430;</subfield>
    <subfield code="b">&#x413;.</subfield>
    <subfield code="4">220</subfield>
  </datafield>
  <datafield tag="801" ind1=" " ind2="0">
    <subfield code="a">RU</subfield>
    <subfield code="b">NLR</subfield>
    <subfield code="c">20031111</subfield>
    <subfield code="g">PSBO</subfield>
  </datafield>
  <datafield tag="801" ind1=" " ind2="1">
    <subfield code="a">RU</subfield>
    <subfield code="b">NLR</subfield>
    <subfield code="c">20031111</subfield>
  </datafield>
  <datafield tag="942" ind1=" " ind2=" ">
    <subfield code="c">BOOK</subfield>
  </datafield>
  <datafield tag="980" ind1=" " ind2=" ">
    <subfield code="a">NB</subfield>
  </datafield>
  <datafield tag="995" ind1=" " ind2=" ">
    <subfield code="5">2003-11-11</subfield>
    <subfield code="a">ab</subfield>
    <subfield code="b">NLR02</subfield>
    <subfield code="c">NLR02</subfield>
    <subfield code="e">EST</subfield>
    <subfield code="f">583411</subfield>
    <subfield code="k">&#x42D; &#x410;&#x43B;&#x422;63/2-&#x41A;880</subfield>
    <subfield code="o">0</subfield>
    <subfield code="r">BOOK</subfield>
    <subfield code="s">_632880</subfield>
  </datafield>
  <datafield tag="995" ind1=" " ind2=" ">
    <subfield code="5">2021-09-20</subfield>
    <subfield code="a">ab</subfield>
    <subfield code="b">NLR02</subfield>
    <subfield code="c">NLR02</subfield>
    <subfield code="e">EST</subfield>
    <subfield code="f">1-3471503</subfield>
    <subfield code="k">&#x42D; &#x410;&#x43B;&#x422;63/2-&#x41A;880</subfield>
    <subfield code="o">0</subfield>
    <subfield code="p">300.00</subfield>
    <subfield code="r">BOOK</subfield>
    <subfield code="s">_632880</subfield>
  </datafield>
</record>
